000 00655nam a2200217 i 4500
001 bg
245 0 0 _aMiędzynarodowy słownik terminów metrologii prawnej /
_c[przygot. w Zakładzie Metrologii Ogólnej Głównego Urędu Miar ; tł. Jan Piotrkowicz].
260 _aWarszawa :
_bGUM,
_c2002.
300 _a23 s. ;
_c30 cm.
500 _aHasła w jęz. pol., ang., franc.
650 9 _aPomiary
650 9 _aSłownik wielojęzyczny
655 _aSłowniki
020 _a8390654644
040 _cBPK
041 1 _apl
_benfr
_hen
080 _a006.91(038)=00
920 _a83-906546-4-4
942 _cKS
008 s pl f |000 0 pol
999 _c35385
_d35385
856 _uhttp://koha.tu.koszalin.pl/cgi-bin/koha/opac-detail.pl?biblionumber=35385
_yKatalog online BPK